[Event "Las Vegas Millionaire op"]
[Site "Las Vegas"]
[Date "2014.10.12"]
[Round "7"]
[White "Nita, Marian Nick"]
[Black "Kretchetov, Alexandre"]
[Result "1/2-1/2"]
[WhiteElo "2069"]
[BlackElo "2265"]
[PlyCount "92"]
[EventDate "2014.10.09"]
[EventType "swiss"]
[EventRounds "9"]
[EventCountry "USA"]
[SourceTitle "CBM 162 Extra"]
[Source "ChessBase"]
[SourceDate "2014.10.17"]
[SourceVersion "1"]
[SourceVersionDate "2014.10.17"]
[SourceQuality "1"]

1. d4 d5 2. c4 c6 3. Nf3 Nf6 4. Nc3 a6 5. e3 b5 6. cxd5 cxd5 7. Bd3 Bg4 8. Qb3 Bxf3 9. gxf3 e6 10. Bd2 Be7 11. a4 b4 12. Ne2 Qa5 13. 0-0 0-0 14. Rfc1 Nbd7 15. Rc6 Rfc8 16. Qc2 Nb6 17. b3 g6 18. Rc1 Nfd7 19. Qd1 e5 20. R1c2 f5 21. Ng3 e4 22. Be2 Rxc6 23. Rxc6 Rf8 24. f4 Nb8 25. Rc2 Rc8 26. Qc1 Rxc2 27. Qxc2 Bd6 28. Kg2 Kf7 29. h4 Ke7 30. h5 Kd7 31. hxg6 hxg6 32. Qc1 Nc8 33. f3 exf3+ 34. Bxf3 Ne7 35. Ne2 Nbc6 36. Qd1 Qd8 37. Nc1 Qh8 38. Qh1 Qxh1+ 39. Kxh1 Ke6 40. Be2 a5 41. Be1 Ng8 42. Bb5 Nce7 43. Bh4 Nf6 44. Bxf6 Kxf6 45. Kg2 g5 46. fxg5+ Kxg5 1/2-1/2

[Event "Southern California-chB"]
[Site "Monterey Park"]
[Date "2013.06.01"]
[Round "2"]
[White "Nita, Marian Nick"]
[Black "Hughes, Austin"]
[Result "1-0"]
[WhiteElo "2120"]
[BlackElo "2015"]
[PlyCount "99"]
[EventDate "2013.06.01"]
[EventType "swiss"]
[EventRounds "4"]
[EventCountry "USA"]
[SourceTitle "EXT 2014"]
[Source "ChessBase"]
[SourceDate "2013.11.20"]
[SourceVersion "1"]
[SourceVersionDate "2013.11.20"]
[SourceQuality "1"]

1. d4 d5 2. c4 c6 3. Nf3 Nf6 4. Nc3 dxc4 5. a4 Bg4 6. Ne5 Bh5 7. g3 e6 8. Bg2 Bb4 9. 0-0 Nbd7 10. Nxc4 Nd5 11. Bd2 a5 12. Qe1 0-0 13. e4 N5b6 14. b3 Nxc4 15. bxc4 Nb6 16. c5 Qxd4 17. cxb6 Rfd8 18. Ra2 Qc4 19. Qa1 Rd3 20. Rc1 Qd4 21. Be3 Qxc3 22. Rxc3 Bxc3 23. Rd2 Bxa1 24. Rxd3 e5 25. Rd7 Rb8 26. f3 f6 27. Kf2 Be8 28. Rc7 Bd4 29. Bxd4 exd4 30. Bh3 c5 31. Be6+ Kf8 32. Rxc5 Bxa4 33. Rxa5 Bc6 34. Ke2 Ke7 35. Bc4 Rd8 36. h4 Rd6 37. Ra7 g6 38. Kd3 Rd8 39. f4 h5 40. Ra5 Rd7 41. Ra8 f5 42. e5 Be4+ 43. Kd2 d3 44. Rg8 Rd4 45. Rg7+ Kd8 46. Rc7 Ke8 47. Bb5+ Kf8 48. e6 Bc6 49. Bxc6 bxc6 50. b7 1-0

[Event "Pacific Coast op 17th"]
[Site "Agoura Hills"]
[Date "2012.07.20"]
[Round "2"]
[White "Sevillano, Enrico"]
[Black "Nita, Marian Nick"]
[Result "1-0"]
[WhiteElo "2606"]
[BlackElo "2183"]
[PlyCount "55"]
[EventDate "2012.07.19"]
[EventType "swiss"]
[EventRounds "6"]
[EventCountry "USA"]
[SourceTitle "EXT 2014"]
[Source "ChessBase"]
[SourceDate "2013.11.20"]
[SourceVersion "1"]
[SourceVersionDate "2013.11.20"]
[SourceQuality "1"]

1. e4 c6 2. d4 d5 3. Nc3 dxe4 4. Nxe4 Nf6 5. Nxf6+ gxf6 6. Be3 Bf5 7. Ne2 e6 8. Ng3 Bg6 9. h4 h5 10. Bd3 Qa5+ 11. c3 Nd7 12. Bxg6 fxg6 13. Qc2 Kf7 14. 0-0 Be7 15. Rfe1 f5 16. Bf4 Nf8 17. Nf1 Bxh4 18. Nd2 Bf6 19. Nc4 Qd8 20. Nd6+ Kg7 21. Nxb7 Qe7 22. Qb3 h4 23. Bd6 Qf7 24. Nc5 h3 25. Bxf8+ Kxf8 26. Rxe6 Rd8 27. Rxc6 h2+ 28. Kh1 1-0

[Event "Pacific Southwest op 52nd"]
[Site "Woodland Hills"]
[Date "2012.06.30"]
[Round "2"]
[White "Yankovsky, Roman"]
[Black "Nita, Marian Nick"]
[Result "1-0"]
[WhiteElo "2467"]
[BlackElo "2094"]
[PlyCount "51"]
[EventDate "2012.06.30"]
[EventType "swiss"]
[EventRounds "5"]
[EventCountry "USA"]
[SourceTitle "EXT 2013"]
[Source "ChessBase"]
[SourceDate "2012.11.22"]
[SourceVersion "1"]
[SourceVersionDate "2012.11.22"]
[SourceQuality "1"]

1. e4 c6 2. c4 d5 3. cxd5 cxd5 4. exd5 Nf6 5. Qa4+ Bd7 6. Qb3 Qb6 7. Nc3 Na6 8. Bc4 Qxb3 9. Bxb3 g6 10. Nf3 Bg7 11. d4 0-0 12. 0-0 Rac8 13. Re1 Rfe8 14. Ne5 Kf8 15. Bg5 Red8 16. d6 e6 17. Ne4 Nxe4 18. Bxd8 Rxd8 19. Rxe4 Be8 20. d7 Bxd7 21. Rf4 Bxe5 22. dxe5 Nc5 23. Rd4 Rc8 24. Rc1 Ke8 25. Ba4 Bxa4 26. Rxa4 1-0

[Event "Los Angeles Metropolitan qual 17th"]
[Site "Los Angeles"]
[Date "2012.02.26"]
[Round "5"]
[White "Tatum, Kofi Odell"]
[Black "Nita, Marian Nick"]
[Result "1/2-1/2"]
[WhiteElo "2045"]
[BlackElo "2071"]
[PlyCount "42"]
[EventDate "2012.02.24"]
[EventType "swiss"]
[EventRounds "5"]
[EventCountry "USA"]
[SourceTitle "EXT 2013"]
[Source "ChessBase"]
[SourceDate "2012.11.22"]
[SourceVersion "1"]
[SourceVersionDate "2012.11.22"]
[SourceQuality "1"]

1. c4 e6 2. Nf3 d5 3. g3 c5 4. Bg2 Nc6 5. cxd5 exd5 6. d4 Nf6 7. 0-0 cxd4 8. Nxd4 Be7 9. Nc3 0-0 10. b3 Re8 11. Bb2 Bg4 12. h3 Be6 13. Rc1 Qd7 14. Kh2 h5 15. e4 Nxd4 16. Qxd4 dxe4 17. Nxe4 Qxd4 18. Bxd4 Nd5 19. Nc5 Bxc5 20. Rxc5 Rad8 21. Ba1 b6 1/2-1/2

[Event "Los Angeles Metropolitan qual 17th"]
[Site "Los Angeles"]
[Date "2012.02.24"]
[Round "1"]
[White "Nita, Marian Nick"]
[Black "Polsky, Ryan P"]
[Result "1-0"]
[WhiteElo "2071"]
[BlackElo "1899"]
[PlyCount "85"]
[EventDate "2012.02.24"]
[EventType "swiss"]
[EventRounds "5"]
[EventCountry "USA"]
[SourceTitle "EXT 2013"]
[Source "ChessBase"]
[SourceDate "2012.11.22"]
[SourceVersion "1"]
[SourceVersionDate "2012.11.22"]
[SourceQuality "1"]

1. d4 Nf6 2. c4 e6 3. Nc3 Bb4 4. a3 Bxc3+ 5. bxc3 b6 6. f3 d5 7. Bg5 Bb7 8. e3 Nbd7 9. Bd3 h6 10. Bh4 c5 11. Ne2 0-0 12. cxd5 exd5 13. 0-0 Re8 14. Qd2 Qe7 15. Bf2 a5 16. a4 Ba6 17. Bxa6 Rxa6 18. Rfe1 Raa8 19. Ng3 Qe6 20. h3 Qc6 21. Nf5 Kh7 22. g4 g6 23. Ng3 Rac8 24. Rec1 Qb7 25. h4 cxd4 26. exd4 Re6 27. g5 hxg5 28. hxg5 Nh5 29. Nxh5 gxh5 30. Kg2 Rg8 31. Bg3 Qa6 32. Re1 Rge8 33. Qf4 Kg7 34. Rxe6 Rxe6 35. Rh1 Qe2+ 36. Bf2 Qc2 37. Rxh5 Qxc3 38. Qf5 Nf8 39. Qxd5 Qc2 40. Kg3 Qxa4 41. Qf5 Qd7 42. d5 Qc7+ 43. Kg2 1-0

[Event "Martin Luther King Memorial"]
[Site "Irvine"]
[Date "2012.01.14"]
[Round "2"]
[White "Nita, Marian Nick"]
[Black "Peters, Jack"]
[Result "0-1"]
[WhiteElo "2071"]
[BlackElo "2354"]
[PlyCount "110"]
[EventDate "2012.01.14"]
[EventType "swiss"]
[EventRounds "6"]
[EventCountry "USA"]
[SourceTitle "EXT 2013"]
[Source "ChessBase"]
[SourceDate "2012.11.22"]
[SourceVersion "1"]
[SourceVersionDate "2012.11.22"]
[SourceQuality "1"]

1. d4 Nf6 2. c4 e6 3. Nc3 Bb4 4. a3 Bxc3+ 5. bxc3 Nc6 6. Nf3 b6 7. e3 d6 8. Bd3 e5 9. Nd2 Qe7 10. 0-0 e4 11. Bc2 Bg4 12. f3 exf3 13. Nxf3 0-0 14. Qd3 Rae8 15. Ng5 g6 16. e4 Kg7 17. Re1 Bc8 18. Bd2 Bb7 19. Re2 Na5 20. Rf1 Ng8 21. e5 Ba6 22. Qh3 h6 23. Ne4 Bxc4 24. exd6 cxd6 25. Bd3 Qe6 26. Qxe6 Rxe6 27. Bxc4 Nxc4 28. Bc1 Rfe8 29. Rfe1 Ne7 30. Nd2 Nxd2 31. Bxd2 Nd5 32. Rxe6 Rxe6 33. Rxe6 fxe6 34. c4 Nf6 35. Bb4 Ne4 36. a4 Kf7 37. a5 d5 38. axb6 axb6 39. cxd5 exd5 40. g4 Ke6 41. Kg2 Nd6 42. Kf3 Nb5 43. Ke3 h5 44. gxh5 gxh5 45. Be1 Kf5 46. Bh4 Na7 47. Bd8 b5 48. Bc7 Nc6 49. Bd6 Kg4 50. Kd3 b4 51. Bc5 h4 52. Bd6 Kf3 53. Be5 h3 54. Bf6 b3 55. Kc3 Ke4 0-1

[Event "Los Angeles Metropolitan qual 07th"]
[Site "Los Angeles"]
[Date "2011.07.24"]
[Round "5"]
[White "Nita, Marian Nick"]
[Black "Phillips, Jeff"]
[Result "0-1"]
[WhiteElo "2049"]
[BlackElo "2071"]
[PlyCount "105"]
[EventDate "2011.07.22"]
[EventType "swiss"]
[EventRounds "5"]
[EventCountry "USA"]
[SourceTitle "EXT 2013"]
[Source "ChessBase"]
[SourceDate "2012.11.22"]
[SourceVersion "1"]
[SourceVersionDate "2012.11.22"]
[SourceQuality "1"]

1. d4 g6 2. c4 Bg7 3. Nc3 c5 4. d5 Bxc3+ 5. bxc3 f5 6. Nf3 Qa5 7. Qc2 d6 8. g3 Nf6 9. Bg2 Nbd7 10. 0-0 Nb6 11. Nd2 Bd7 12. Re1 0-0 13. Rb1 Rab8 14. h4 Ng4 15. Nf3 Nxc4 16. Ng5 Na3 17. Bxa3 Qxa3 18. Qd2 b6 19. h5 h6 20. Nh3 g5 21. Nxg5 hxg5 22. Qxg5+ Kh8 23. Qxe7 Ba4 24. f3 Rbe8 25. Qxd6 Rf6 26. Qf4 Ne3 27. Qh4 Ref8 28. c4 Qc3 29. Rbc1 Qe5 30. Kh1 Rh6 31. g4 Qf4 32. Bh3 Be8 33. Rg1 Rxh5 34. Qg3 Qxg3 35. Rxg3 Rh4 36. f4 Nxg4 37. Kg2 Rg8 38. Bxg4 Rgxg4 39. e3 Rxg3+ 40. Kxg3 Rg4+ 41. Kf2 Kg7 42. Rc3 Kf6 43. Ra3 Rg7 44. Rd3 Ke7 45. Rd1 Kd6 46. Rh1 b5 47. Rh6+ Rg6 48. Rh8 Bd7 49. cxb5 Bxb5 50. Rd8+ Bd7 51. Ra8 Kxd5 52. Rxa7 Rd6 53. a4 0-1